| 000 | 00434nam a2200157Ia 4500 | ||
|---|---|---|---|
| 003 | GCL | ||
| 008 | 140319s9999 xx 000 0 ara d | ||
| 040 |
_aGCL / _cGCL |
||
| 082 | 0 | 4 |
_aد _b050 |
| 100 | 1 | _aحسن الجداوى | |
| 245 | 1 | 0 |
_aمن اخطاء القضاء (اقرا 351 ) / _cحسن الجداوى |
| 300 | _a180 | ||
| 490 |
_aاقرأ _v0 |
||
| 650 | 0 | 4 | _aقضايا الاصلاح الاجتماعى |
| 942 |
_2ddc _cBK |
||
| 999 |
_c48605 _d48605 |
||